|
|
|
|
| LEADER |
00000nam a2200000Ia 4500 |
| 008 |
170420b2009 cr ||||| |||| 00| | spa d |
| 999 |
|
|
|c 696
|d 696
|
| 020 |
|
|
|a 9789968989541
|
| 090 |
|
|
|a 09.04.05
|b 1801
|
| 110 |
2 |
|
|9 2663
|a Instituto Costarricense de Turismo
|
| 245 |
1 |
0 |
|a Certificación de sostenibilidad turística: guía didáctica: programa de formación bajo la norma CST /
|c Instituto Costarricense de Turismo; [con la colaboración del Observatorio del Desarrollo de la Universidad de Costa Rica]
|
| 260 |
|
|
|a Costa Rica :
|b Instituto Costarricense de Turismo,
|c 2009
|
| 300 |
|
|
|a 67 páginas
|
| 650 |
1 |
4 |
|a TURISMO
|9 2676
|
| 650 |
1 |
4 |
|a EVALUACIÓN
|9 287
|
| 650 |
1 |
4 |
|a ENSEÑANZA
|9 14
|
| 650 |
1 |
4 |
|a DESARROLLO SOSTENIBLE
|9 443
|
| 942 |
|
|
|i 002875
|h 09.04.05 1801
|2 z
|c 01
|